[Event "1 Bundesliga 2007/2008"]
[Site "Graz"]
[Date "2008.03.13"]
[Round "8"]
[Board "6"]
[White "Gaertner, Guntram"]
[Black "Perhinig, Robert"]
[Result "1/2-1/2"]
[WhiteElo "2328"]
[BlackElo "2272"]
[PlyCount "146"]
[EventDate "2007.11.30"]
[EventType "team"]
[EventRounds "11"]
[EventCountry "AUT"]
[WhiteTeam "SK Hohenems"]
[BlackTeam "RbEJ Gleisdorf"]

1.d4 Nf6 2.c4 e6 3.Nc3 Bb4 4.Bg5 c5 5.d5 Bxc3+ 6.bxc3 h6 7.Bh4 d6 8.e3 e5 9.Qc2
Kd7 10.Nf3 Kc7 11.Nd2 g5 12.Bg3 Nh5 13.Bd3 Ng7 14.f4 exf4 15.exf4 Re8+ 16.Kd1
Nd7 17.Kc1 Nf6 18.fxg5 hxg5 19.Rf1 Ngh5 20.Ne4 Nxe4 21.Rxf7+ Re7 22.Rxe7+ Qxe7
23.Bxe4 Nxg3 24.hxg3 Bd7 25.Kb2 Re8 26.Bd3 Rf8 27.Qd2 Qe5 28.Rf1 Rxf1 29.Bxf1
Qxg3 30.Bd3 Qf4 31.Qxf4 gxf4 32.Kc1 Kd8 33.Kd2 Ke7 34.Ke2 Bg4+ 35.Kf2 Kf6 36.a3
Ke5 37.Ke1 Bf5 38.Bf1 Ke4 39.Kd2 Ke5 40.Be2 Bd7 41.Bf3 Bf5 42.Be2 Be4 43.Bf1 a6
44.Ke1 Bf5 45.a4 a5 46.Be2 Bc2 47.Bd1 Bxd1 48.Kxd1 Kf5 49.Ke2 Kg4 50.Kd3 f3
51.gxf3+ Kxf3 52.Kd2 Kf2 53.Kd3 Ke1 54.Ke4 Kd2 55.Kf5 Kxc3 56.Ke6 Kxc4 57.Kxd6
Kb4 58.Kc7 c4 59.d6 c3 60.d7 c2 61.d8=Q c1=Q+ 62.Kxb7 Qh1+ 63.Kb6 Qh6+ 64.Kb7
Qg7+ 65.Ka6 Qg6+ 66.Kb7 Qf7+ 67.Kb6 Qe6+ 68.Ka7 Kxa4 69.Qd4+ Kb5 70.Qb2+ Ka4
71.Qd4+ Kb3 72.Qd3+ Kb4 73.Qd2+ Ka4

[Event "1 Bundesliga 2007/2008"]
[Site "Graz"]
[Date "2008.03.13"]
[Round "8"]
[Board "2"]
[White "Balogh, Csaba"]
[Black "Gross, David"]
[Result "1-0"]
[WhiteElo "2575"]
[BlackElo "2491"]
[PlyCount "103"]
[EventDate "2007.11.30"]
[EventType "team"]
[EventRounds "11"]
[EventCountry "AUT"]
[WhiteTeam "SK Advisory Invest Baden"]
[BlackTeam "Mayrhofen/Zillertal"]

1.e4 e5 2.Nf3 Nc6 3.Bb5 Nf6 4.d3 Bc5 5.c3 O-O 6.O-O d5 7.Nbd2 dxe4 8.dxe4 Qe7
9.Qe2 Bd7 10.Nc4 a6 11.Bxc6 Bxc6 12.Bg5 Bb5 13.a4 Bxc4 14.Qxc4 Bd6 15.h3 h6
16.Be3 Nd7 17.a5 Bc5 18.Rad1 b5 19.Qd5 Rfd8 20.Nxe5 Nxe5 21.Qxc5 Qxc5 22.Bxc5
Nd3 23.b4 Nxc5 24.bxc5 Re8 25.f3 Re5 26.Rd5 Rae8 27.Rfd1 c6 28.Rd7 f5 29.R1d6
Rxc5 30.Rg6 fxe4 31.Rgxg7+ Kh8 32.Rh7+ Kg8 33.Rhg7+ Kh8 34.Rh7+ Kg8 35.Rdg7+ Kf8
36.Rf7+ Kg8 37.Rfg7+ Kf8 38.Rc7 Kg8 39.Rhg7+ Kh8 40.Rh7+ Kg8 41.fxe4 Re6 42.Rhd7
Kf8 43.Rd8+ Re8 44.Rd6 h5 45.Rf6+ Kg8 46.Rfxc6 Rxc6 47.Rxc6 Rxe4 48.Rxa6 b4
49.cxb4 Rxb4 50.Rb6 Ra4 51.Rb5 h4 52.Rg5+

[Event "1 Bundesliga 2007/2008"]
[Site "Graz"]
[Date "2008.03.13"]
[Round "8"]
[Board "3"]
[White "Maiwald, Jens Uwe"]
[Black "Rausis, Igors"]
[Result "1-0"]
[WhiteElo "2484"]
[BlackElo "2520"]
[PlyCount "55"]
[EventDate "2007.11.30"]
[EventType "team"]
[EventRounds "11"]
[EventCountry "AUT"]
[WhiteTeam "Mayrhofen/Zillertal"]
[BlackTeam "SK Advisory Invest Baden"]

1.e4 c6 2.d4 d5 3.e5 Bf5 4.h4 h5 5.c4 e6 6.Nc3 Nd7 7.cxd5 cxd5 8.Bg5 Be7 9.Qd2
a6 10.Nge2 Bxg5 11.hxg5 Ne7 12.Nf4 Qb6 13.Rxh5 O-O-O 14.Rc1 Nc6 15.Ncxd5 exd5
16.Rxh8 Rxh8 17.Nxd5 Qd8 18.Rxc6+ bxc6 19.Bxa6+ Kb8 20.Qb4+ Nb6 21.Nxb6 Ka7
22.Nc4 Qc7 23.Qa4 Kb8 24.Nd6 Rh1+ 25.Kd2 Be6 26.d5 Bd7 27.Bb7 Qb6 28.Qa8+

[Event "1 Bundesliga 2007/2008"]
[Site "Graz"]
[Date "2008.03.13"]
[Round "8"]
[Board "4"]
[White "Siebrecht, Sebastian"]
[Black "Hausner, Ivan"]
[Result "1/2-1/2"]
[WhiteElo "2487"]
[BlackElo "2394"]
[PlyCount "84"]
[EventDate "2007.11.30"]
[EventType "team"]
[EventRounds "11"]
[EventCountry "AUT"]
[WhiteTeam "SK Advisory Invest Baden"]
[BlackTeam "Mayrhofen/Zillertal"]

1.d4 Nf6 2.Nf3 g6 3.c4 Bg7 4.Nc3 O-O 5.e4 d6 6.h3 e5 7.d5 Na6 8.Bg5 Qe8 9.g4 Nc5
10.Nd2 a5 11.Be2 Bd7 12.b3 h6 13.Be3 Nh7 14.a3 f5 15.f3 Nf6 16.b4 axb4 17.axb4
Na4 18.Nxa4 Rxa4 19.Rxa4 Bxa4 20.Qb1 Bd7 21.Bd3 fxg4 22.hxg4 h5 23.g5 Nh7 24.Ke2
Qe7 25.Rg1 Ra8 26.c5 Bf8 27.Nc4 Bb5 28.Na5 Bxd3+ 29.Qxd3 Qe8 30.cxd6 Bxd6 31.Rb1
Qc8 32.Qb5 Qh3 33.Rf1 Nxg5 34.Qxb7 Rf8 35.Bxg5 Qg2+ 36.Rf2 Qxg5 37.Nc4 Qc1
38.Qc6 Qc2+ 39.Kf1 Qc1+ 40.Ke2 Qc2+ 41.Kf1 Qc1+ 42.Ke2 Qc2+

[Event "1 Bundesliga 2007/2008"]
[Site "Graz"]
[Date "2008.03.13"]
[Round "8"]
[Board "2"]
[White "Ruck, Robert"]
[Black "Babula, Vlastimil"]
[Result "1/2-1/2"]
[WhiteElo "2572"]
[BlackElo "2594"]
[PlyCount "89"]
[EventDate "2007.11.30"]
[EventType "team"]
[EventRounds "11"]
[EventCountry "AUT"]
[WhiteTeam "ASVOe Wulkaprodersdorf"]
[BlackTeam "Union Ansfelden"]

1.Nf3 Nf6 2.c4 b6 3.Nc3 Bb7 4.d4 e6 5.a3 d5 6.cxd5 Nxd5 7.Qc2 Nxc3 8.bxc3 c5
9.e4 Nc6 10.Bc4 cxd4 11.cxd4 b5 12.Bd3 a6 13.Bb2 Rc8 14.Qe2 Be7 15.O-O O-O
16.Rad1 Na5 17.d5 exd5 18.exd5 Bf6 19.Ne5 Rc5 20.d6 Bxe5 21.Bxe5 Re8 22.f4 Nc4
23.d7 Re7 24.Qf2 Rd5 25.Bxc4 bxc4 26.Rxd5 Bxd5 27.Bxg7 Kxg7 28.Qd4+ f6 29.Qxd5
Rxd7 30.Qxc4 Rd2 31.h3 Qd4+ 32.Qxd4 Rxd4 33.Rf3 h5 34.Kf2 h4 35.g3 hxg3+ 36.Kxg3
Kg6 37.Rc3 Ra4 38.Kg4 f5+ 39.Kf3 Kh5 40.Kg3 Rd4 41.Kf3 Ra4 42.Kg3 Kg6 43.Rf3 Kh5
44.Kf2 Re4 45.Kg3

[Event "1 Bundesliga 2007/2008"]
[Site "Graz"]
[Date "2008.03.13"]
[Round "8"]
[Board "3"]
[White "Weiss, Christian"]
[Black "Polzin, Rainer"]
[Result "1/2-1/2"]
[WhiteElo "2449"]
[BlackElo "2504"]
[PlyCount "90"]
[EventDate "2007.11.30"]
[EventType "team"]
[EventRounds "11"]
[EventCountry "AUT"]
[WhiteTeam "Union Ansfelden"]
[BlackTeam "ASVOe Wulkaprodersdorf"]

1.d4 Nf6 2.g3 g6 3.Bg2 Bg7 4.e4 d6 5.Nc3 O-O 6.Nge2 e5 7.h3 c6 8.O-O b5 9.a3
Nbd7 10.Be3 Qc7 11.g4 h5 12.g5 Nh7 13.f4 exf4 14.Bxf4 Bb7 15.Qd2 Nb6 16.b3 Rae8
17.Rae1 a5 18.Kh1 Re7 19.d5 Be5 20.dxc6 Bxf4 21.Nxf4 Bxc6 22.h4 Rfe8 23.Rd1 b4
24.axb4 axb4 25.Na2 Bxe4 26.Nxb4 d5 27.Nbxd5 Nxd5 28.Nxd5 Qg3 29.Nxe7+ Rxe7
30.Kg1 Bxg2 31.Qxg2 Qxh4 32.Rd8+ Kg7 33.c4 Nxg5 34.Qb2+ Kh6 35.Rh8+ Nh7 36.Qd2+
Kg7 37.Qf4 Qxf4 38.Rxh7+ Kxh7 39.Rxf4 f5 40.c5 Re3 41.b4 Rc3 42.Kf2 g5 43.Rxf5
Rb3 44.Rxg5 Kh6 45.Re5 Rxb4

[Event "1 Bundesliga 2007/2008"]
[Site "Graz"]
[Date "2008.03.13"]
[Round "8"]
[Board "4"]
[White "Likavsky, Tomas"]
[Black "Haba, Petr"]
[Result "1/2-1/2"]
[WhiteElo "2494"]
[BlackElo "2536"]
[PlyCount "123"]
[EventDate "2007.11.30"]
[EventType "team"]
[EventRounds "11"]
[EventCountry "AUT"]
[WhiteTeam "ASVOe Wulkaprodersdorf"]
[BlackTeam "Union Ansfelden"]

1.d4 d5 2.c4 c6 3.Nf3 Nf6 4.e3 e6 5.b3 Nbd7 6.Bb2 Bd6 7.Bd3 O-O 8.O-O Re8 9.Ne5
Qc7 10.f4 Ne4 11.Bxe4 dxe4 12.Nd2 f5 13.Nxd7 Qxd7 14.g4 b5 15.Kh1 Bf8 16.Rg1 Qf7
17.Qc2 fxg4 18.Nxe4 c5 19.Ng5 Bb7+ 20.d5 Qf5 21.e4 Qxf4 22.Bc1 Qf6 23.Rxg4 Qg6
24.Bb2 exd5 25.cxd5 Bxd5 26.Rag1 Bc6 27.Qg2 Qxg5 28.Rxg5 Bxe4 29.Qxe4 Rxe4
30.Bxg7 Bxg7 31.Rxg7+ Kh8 32.Rb7 a6 33.Rgg7 Re1+ 34.Kg2 Rg8 35.Rxg8+ Kxg8 36.a4
b4 37.Rc7 Rc1 38.Kf3 Rc3+ 39.Ke4 Rxb3 40.Rxc5 Rb1 41.Kd3 b3 42.Rg5+ Kf7 43.Kc3
b2 44.Rh5 Kg7 45.Rh4 Kg6 46.Kc2 Rh1 47.Kxb2 h5 48.Rh3 Kg5 49.Rg3+ Kh6 50.h3 h4
51.Rd3 Kg5 52.Kb3 Rb1+ 53.Kc4 Kf4 54.Kc5 a5 55.Kc6 Rb4 56.Ra3 Ke5 57.Kc5 Ke4
58.Kc6 Kd4 59.Rf3 Kc4 60.Ra3 Kd4 61.Rf3 Kc4 62.Ra3

[Event "1 Bundesliga 2007/2008"]
[Site "Graz"]
[Date "2008.03.13"]
[Round "8"]
[Board "6"]
[White "Schweda, Roland"]
[Black "Hellmayr, Alois"]
[Result "1-0"]
[WhiteElo "2418"]
[BlackElo "2320"]
[PlyCount "147"]
[EventDate "2007.11.30"]
[EventType "team"]
[EventRounds "11"]
[EventCountry "AUT"]
[WhiteTeam "ASVOe Wulkaprodersdorf"]
[BlackTeam "Union Ansfelden"]

1.d4 Nf6 2.c4 e6 3.Nc3 Bb4 4.e3 O-O 5.Nge2 d5 6.a3 Be7 7.cxd5 exd5 8.Nf4 a5
9.Bd3 c6 10.O-O Na6 11.f3 Nc7 12.Bc2 c5 13.dxc5 Bxc5 14.Nce2 Ne6 15.Nxe6 Bxe6
16.Qd3 Qb6 17.Nf4 g6 18.Nxe6 Qxe6 19.Bd2 Rfe8 20.Rfe1 Qb6 21.Rab1 Re6 22.b4 axb4
23.axb4 Bd6 24.Bb3 Rd8 25.Rec1 Bf8 26.Kh1 Bh6 27.Rc5 Rde8 28.Re1 Bf8 29.Rb5 Qa6
30.Qf1 Rb6 31.Ba4 Ree6 32.Ra1 Rxb5 33.Bxb5 Qd6 34.Ra8 Kg7 35.Qd3 Qe5 36.Kg1 Bd6
37.g3 Qh5 38.Kg2 Qe5 39.Kf2 Qb2 40.Qc3 Qxc3 41.Bxc3 Be5 42.Bd2 Rb6 43.Ba4 g5
44.h3 h5 45.g4 hxg4 46.hxg4 d4 47.Ra5 dxe3+ 48.Bxe3 Rxb4 49.Rxe5 Rxa4 50.Rxg5+
Kh7 51.Rb5 Nxg4+ 52.fxg4 Rxg4 53.Rxb7 Kg6 54.Kf3 Ra4 55.Rb6+ Kf5 56.Rb5+ Kg6
57.Bf4 Rc4 58.Kg4 Rc6 59.Rh5 Rc4 60.Rh6+ Kg7 61.Rb6 Rc5 62.Bh6+ Kh7 63.Be3 Rd5
64.Kf4 Rh5 65.Kg4 Rd5 66.Bc1 Rc5 67.Bb2 Rd5 68.Rf6 Kg8 69.Ra6 Rb5 70.Bf6 Kh7
71.Kf4 Rb1 72.Bd4 Rf1+ 73.Kg5 Rd1 74.Rh6+

[Event "1 Bundesliga 2007/2008"]
[Site "Graz"]
[Date "2008.03.13"]
[Round "8"]
[Board "4"]
[White "Schmittdiel, Eckhard"]
[Black "Kosten, Anthony C"]
[Result "1/2-1/2"]
[WhiteElo "2417"]
[BlackElo "2511"]
[PlyCount "43"]
[EventDate "2007.11.30"]
[EventType "team"]
[EventRounds "11"]
[EventCountry "AUT"]
[WhiteTeam "SK Absam"]
[BlackTeam "Holz Dohr"]

1.e4 e5 2.Nf3 Nc6 3.Bb5 Nf6 4.O-O Nxe4 5.Re1 Nd6 6.Nxe5 Be7 7.Bf1 Nxe5 8.Rxe5
O-O 9.Nc3 Ne8 10.Nd5 Bd6 11.Re1 c6 12.Ne3 Be7 13.Qe2 Bc5 14.Nf5 d5 15.d4 Bxf5
16.dxc5 Nc7 17.c3 Ne6 18.Qe5 Bg6 19.Be3 Re8 20.Bd4 b6 21.cxb6 axb6 22.Be3

[Event "1 Bundesliga 2007/2008"]
[Site "Graz"]
[Date "2008.03.13"]
[Round "8"]
[Board "3"]
[White "Nanu, Ciprian Costica"]
[Black "Antoniewski, Rafal"]
[Result "1/2-1/2"]
[WhiteElo "2527"]
[BlackElo "2510"]
[PlyCount "36"]
[EventDate "2007.11.30"]
[EventType "team"]
[EventRounds "11"]
[EventCountry "AUT"]
[WhiteTeam "Styria Graz"]
[BlackTeam "ASVOe Pamhagen"]

1.e4 c5 2.Nf3 d6 3.d4 cxd4 4.Nxd4 Nf6 5.f3 Nc6 6.c4 e6 7.Nc3 Be7 8.Be3 O-O 9.Be2
d5 10.cxd5 exd5 11.Nxc6 bxc6 12.e5 Nd7 13.f4 Rb8 14.Qc2 Qa5 15.O-O Bc5 16.Bf2
Rb4 17.g3 Bxf2+ 18.Rxf2 Ba6

[Event "1 Bundesliga 2007/2008"]
[Site "Graz"]
[Date "2008.03.13"]
[Round "8"]
[Board "4"]
[White "Manik, Mikulas"]
[Black "Luther, Thomas"]
[Result "0-1"]
[WhiteElo "2433"]
[BlackElo "2526"]
[PlyCount "66"]
[EventDate "2007.11.30"]
[EventType "team"]
[EventRounds "11"]
[EventCountry "AUT"]
[WhiteTeam "ASVOe Pamhagen"]
[BlackTeam "Styria Graz"]

1.e4 e6 2.d4 d5 3.Nc3 Nf6 4.Bg5 Bb4 5.e5 h6 6.Bd2 Bxc3 7.bxc3 Ne4 8.Qg4 Kf8
9.Bd3 Nxd2 10.Kxd2 c5 11.h4 c4 12.Be2 b5 13.Qf4 Nc6 14.Rh3 Bd7 15.Bh5 Be8 16.a3
a5 17.Ne2 Ra7 18.Bg4 Qe7 19.Qe3 h5 20.Bf3 b4 21.axb4 axb4 22.Rxa7 Nxa7 23.cxb4
Qxb4+ 24.Qc3 Qe7 25.Rh1 Nb5 26.Qa5 g5 27.g3 c3+ 28.Ke3 Na3 29.Kd3 g4 30.Bxd5
Bb5+ 31.Ke3 exd5 32.Qxc3 Nc4+ 33.Kf4 Rh6

[Event "1 Bundesliga 2007/2008"]
[Site "Graz"]
[Date "2008.03.14"]
[Round "9"]
[Board "2"]
[White "Meszaros, Tamas"]
[Black "Cvek, Robert"]
[Result "0-1"]
[WhiteElo "2437"]
[BlackElo "2532"]
[PlyCount "112"]
[EventDate "2007.11.30"]
[EventType "team"]
[EventRounds "11"]
[EventCountry "AUT"]
[WhiteTeam "RbEJ Gleisdorf"]
[BlackTeam "ASVOe Pamhagen"]

1.e4 e6 2.d4 d5 3.exd5 exd5 4.Nf3 Bd6 5.Bd3 Nf6 6.O-O O-O 7.Bg5 Bg4 8.Nbd2 Nbd7
9.c3 c6 10.Qc2 h6 11.Bh4 Re8 12.Rfe1 Qc7 13.Bf5 Bxf5 14.Qxf5 g6 15.Qc2 Nh5
16.Bg3 Nxg3 17.hxg3 Nf6 18.Qd3 h5 19.a3 Kg7 20.c4 dxc4 21.Nxc4 Rad8 22.Qc2 Bf8
23.Nce5 Bd6 24.Nc4 Ng4 25.Re2 Rxe2 26.Qxe2 Qe7 27.Re1 Qxe2 28.Rxe2 Kf8 29.Na5
Rd7 30.b4 Be7 31.Kf1 Bd8 32.Nb3 Rd5 33.Nc5 b6 34.Ne4 Nf6 35.Nc3 Rd6 36.Rd2 b5
37.Rc2 Bb6 38.Ne2 Ng4 39.Ng5 Nf6 40.Nf3 Ng4 41.a4 bxa4 42.Ra2 Nh6 43.Rxa4 Nf5
44.Ra3 Nxd4 45.Rd3 Nb5 46.Rxd6 Nxd6 47.Ne5 Ke7 48.Nxc6+ Kd7 49.Ne5+ Ke6 50.f4
Nf5 51.Nc3 Nxg3+ 52.Ke1 Nf5 53.Ne4 Ne3 54.g3 f6 55.Nd3 Kf5 56.Nec5 Nc2+

[Event "1 Bundesliga 2007/2008"]
[Site "Graz"]
[Date "2008.03.14"]
[Round "9"]
[Board "3"]
[White "Antoniewski, Rafal"]
[Black "Sandhu, Mario"]
[Result "1/2-1/2"]
[WhiteElo "2510"]
[BlackElo "2308"]
[PlyCount "57"]
[EventDate "2007.11.30"]
[EventType "team"]
[EventRounds "11"]
[EventCountry "AUT"]
[WhiteTeam "ASVOe Pamhagen"]
[BlackTeam "RbEJ Gleisdorf"]

1.e4 c6 2.c4 d5 3.exd5 cxd5 4.d4 Nf6 5.Nc3 Nc6 6.Bg5 Qa5 7.Qd2 Be6 8.Nge2 dxc4
9.Bxf6 exf6 10.Nf4 O-O-O 11.d5 Ne5 12.Be2 Bb4 13.O-O Bxc3 14.bxc3 Bxd5 15.Nxd5
Rxd5 16.Qe3 Qc5 17.Qf4 Rhd8 18.Rab1 Rd2 19.Bg4+ Kb8 20.Bf3 R2d7 21.g3 g5 22.Qxf6
Nxf3+ 23.Qxf3 Qd5 24.Qg4 h6 25.Rfe1 f5 26.Qh3 Rd6 27.Re7 b6 28.Rbe1 Qf3 29.R7e3

[Event "1 Bundesliga 2007/2008"]
[Site "Graz"]
[Date "2008.03.14"]
[Round "9"]
[Board "4"]
[White "Frosch, Ronald"]
[Black "Manik, Mikulas"]
[Result "0-1"]
[WhiteElo "2229"]
[BlackElo "2433"]
[PlyCount "52"]
[EventDate "2007.11.30"]
[EventType "team"]
[EventRounds "11"]
[EventCountry "AUT"]
[WhiteTeam "RbEJ Gleisdorf"]
[BlackTeam "ASVOe Pamhagen"]

1.d4 Nf6 2.Nf3 d5 3.e3 g6 4.Be2 Bg7 5.O-O O-O 6.b3 c5 7.Bb2 Ne4 8.Nbd2 cxd4
9.exd4 Nc6 10.Bd3 Bf5 11.Re1 Nd6 12.Nf1 Rc8 13.Bxf5 Nxf5 14.c3 b5 15.Ne5 Nxe5
16.dxe5 e6 17.Ne3 Qg5 18.Nxf5 Qxf5 19.Qe2 h5 20.a4 b4 21.Rac1 Bh6 22.Rc2 d4
23.Rd1 Rfd8 24.Rd3 dxc3 25.Rxd8+ Rxd8 26.Bc1 Rd2

[Event "1 Bundesliga 2007/2008"]
[Site "Graz"]
[Date "2008.03.14"]
[Round "9"]
[Board "6"]
[White "Perhinig, Robert"]
[Black "Lipka, Juraj"]
[Result "1/2-1/2"]
[WhiteElo "2272"]
[BlackElo "2438"]
[PlyCount "51"]
[EventDate "2007.11.30"]
[EventType "team"]
[EventRounds "11"]
[EventCountry "AUT"]
[WhiteTeam "RbEJ Gleisdorf"]
[BlackTeam "ASVOe Pamhagen"]

1.d4 d5 2.Nf3 Nf6 3.c4 e6 4.Nc3 Nbd7 5.cxd5 exd5 6.Bg5 Bb4 7.e3 c5 8.Be2 Qa5
9.Nd2 cxd4 10.exd4 Bxc3 11.bxc3 Qxc3 12.Be3 O-O 13.O-O Qa3 14.Qc2 Qd6 15.Rfc1
Nb6 16.g3 Bg4 17.Bd3 Rac8 18.Qb2 Qe6 19.a4 Nc4 20.Qxb7 Rb8 21.Qxa7 Ra8 22.Qb7
Rfb8 23.Qc7 Rc8 24.Qb7 Rab8 25.Qa7 Ra8 26.Qb7

[Event "1 Bundesliga 2007/2008"]
[Site "Graz"]
[Date "2008.03.14"]
[Round "9"]
[Board "1"]
[White "Dizdar, Goran"]
[Black "Shengelia, Davit"]
[Result "1/2-1/2"]
[WhiteElo "2564"]
[BlackElo "2568"]
[PlyCount "45"]
[EventDate "2007.11.30"]
[EventType "team"]
[EventRounds "11"]
[EventCountry "AUT"]
[WhiteTeam "SK Absam"]
[BlackTeam "Styria Graz"]

1.Nf3 Nf6 2.g3 g6 3.Bg2 Bg7 4.c4 c6 5.O-O O-O 6.b3 Ne4 7.d4 d5 8.Bb2 Nd7 9.e3 b5
10.cxb5 cxb5 11.Nfd2 Ndf6 12.Nxe4 Nxe4 13.Nc3 Nxc3 14.Bxc3 a5 15.b4 a4 16.Rc1 e6
17.Ba1 Re8 18.Qd2 Bf8 19.Rc2 Bb7 20.Rfc1 Qb6 21.Bf1 Rac8 22.Rxc8 Rxc8 23.Rxc8

[Event "1 Bundesliga 2007/2008"]
[Site "Graz"]
[Date "2008.03.14"]
[Round "9"]
[Board "4"]
[White "Luther, Thomas"]
[Black "Kantorik, Marian"]
[Result "1/2-1/2"]
[WhiteElo "2526"]
[BlackElo "2368"]
[PlyCount "139"]
[EventDate "2007.11.30"]
[EventType "team"]
[EventRounds "11"]
[EventCountry "AUT"]
[WhiteTeam "Styria Graz"]
[BlackTeam "SK Absam"]

1.e4 e5 2.Nf3 Nc6 3.Bb5 f5 4.d3 fxe4 5.dxe4 Nf6 6.O-O Bc5 7.Qd3 d6 8.Qc4 Bd7
9.Nc3 Qe7 10.Nd5 Nxd5 11.exd5 Nd4 12.Nxd4 Bxd4 13.c3 Bb6 14.Bxd7+ Qxd7 15.a4 a6
16.Be3 O-O 17.Bxb6 cxb6 18.Qb4 Qc7 19.c4 Rf4 20.b3 Raf8 21.Rae1 b5 22.g3 Rd4
23.Rd1 bxc4 24.Rxd4 exd4 25.bxc4 Rc8 26.Rd1 Qxc4 27.Qxd6 Qe2 28.Rxd4 Rc1+ 29.Kg2
Qf1+ 30.Kf3 Rc3+ 31.Kg4 Qxf2 32.Qe6+ Qf7 33.Rb4 Qxe6+ 34.dxe6 Rc6 35.Kf5 Rc5+
36.Ke4 b5 37.Rd4 Kf8 38.axb5 axb5 39.Rd7 b4 40.Rb7 h6 41.Rxb4 Ke7 42.Rb7+ Kxe6
43.Rxg7 Kf6 44.Rd7 Rc2 45.h3 Kg6 46.Rd6+ Kg7 47.h4 Rc4+ 48.Rd4 Rc5 49.Rd5 Rc3
50.Kf4 Rc4+ 51.Kf5 h5 52.Rd7+ Kh6 53.Rd6+ Kh7 54.Rd7+ Kh6 55.Rd8 Rg4 56.Rh8+ Kg7
57.Rxh5 Rxg3 58.Rg5+ Rxg5+ 59.hxg5 Kf7 60.Kg4 Kg6 61.Kh4 Kg7 62.Kh5 Kh7 63.g6+
Kg7 64.Kg5 Kg8 65.Kh6 Kh8 66.Kg5 Kg7 67.Kf5 Kg8 68.Kf6 Kf8 69.g7+ Kg8 70.Kg6

[Event "1 Bundesliga 2007/2008"]
[Site "Graz"]
[Date "2008.03.14"]
[Round "9"]
[Board "6"]
[White "Danner, Georg"]
[Black "Gerhold, Michael"]
[Result "1-0"]
[WhiteElo "2445"]
[BlackElo "2219"]
[PlyCount "47"]
[EventDate "2007.11.30"]
[EventType "team"]
[EventRounds "11"]
[EventCountry "AUT"]
[WhiteTeam "Styria Graz"]
[BlackTeam "SK Absam"]

1.d4 d5 2.Nf3 Nf6 3.c4 c6 4.e3 e6 5.Nbd2 Nbd7 6.Bd3 Bd6 7.O-O O-O 8.e4 dxe4
9.Nxe4 Nxe4 10.Bxe4 c5 11.dxc5 Bxc5 12.Bd2 f5 13.Bc2 e5 14.Bc3 e4 15.Qd5+ Kh8
16.Nd4 Bxd4 17.Bxd4 Qc7 18.Rad1 Nb6 19.Qa5 Be6 20.b3 Rfd8 21.f3 Qe7 22.fxe4 fxe4
23.Qe5 Rd7 24.Bc5

[Event "1 Bundesliga 2007/2008"]
[Site "Graz"]
[Date "2008.03.14"]
[Round "9"]
[Board "3"]
[White "Rausis, Igors"]
[Black "Weiss, Christian"]
[Result "1-0"]
[WhiteElo "2520"]
[BlackElo "2449"]
[PlyCount "115"]
[EventDate "2007.11.30"]
[EventType "team"]
[EventRounds "11"]
[EventCountry "AUT"]
[WhiteTeam "SK Advisory Invest Baden"]
[BlackTeam "Union Ansfelden"]

1.e4 c5 2.Nf3 e6 3.c3 Nf6 4.e5 Nd5 5.Bc4 Nb6 6.Bb3 d6 7.O-O Nc6 8.d4 dxe5 9.dxe5
Qxd1 10.Rxd1 Bd7 11.Nbd2 Na5 12.Bc2 h6 13.b3 Nd5 14.c4 Nb4 15.Be4 O-O-O 16.a3
Na6 17.Bb2 Be7 18.Bc3 Nc6 19.Bc2 f5 20.exf6 gxf6 21.Nh4 Rhg8 22.Ng6 f5 23.Nxe7+
Nxe7 24.Nf3 Ng6 25.g3 Bc6 26.Ne5 Nxe5 27.Bxe5 Bf3 28.Rxd8+ Rxd8 29.Bf4 h5 30.Re1
Nc7 31.Re3 Bd1 32.Bxd1 Rxd1+ 33.Kg2 Rb1 34.Bxc7 Kxc7 35.Rxe6 Rxb3 36.Re5 Kd6
37.Rxf5 Rxa3 38.Rd5+ Kc6 39.Rxh5 Rc3 40.Rh6+ Kc7 41.h4 Rxc4 42.h5 Rd4 43.Rh7+
Kb6 44.Re7 c4 45.h6 c3 46.h7 Rd8 47.Re3 Rh8 48.Rxc3 Rxh7 49.g4 a5 50.g5 a4 51.f4
Rg7 52.Kg3 Ka5 53.Kg4 b5 54.f5 b4 55.Rc5+ Kb6 56.f6 Rf7 57.Rf5 a3 58.g6

[Event "1 Bundesliga 2007/2008"]
[Site "Graz"]
[Date "2008.03.14"]
[Round "9"]
[Board "4"]
[White "Haba, Petr"]
[Black "Siebrecht, Sebastian"]
[Result "1/2-1/2"]
[WhiteElo "2536"]
[BlackElo "2487"]
[PlyCount "111"]
[EventDate "2007.11.30"]
[EventType "team"]
[EventRounds "11"]
[EventCountry "AUT"]
[WhiteTeam "Union Ansfelden"]
[BlackTeam "SK Advisory Invest Baden"]

1.e4 c5 2.Nf3 e6 3.d3 a6 4.g3 Be7 5.Bg2 Nf6 6.O-O O-O 7.e5 Ne8 8.c3 Nc6 9.d4
cxd4 10.cxd4 d5 11.Nc3 b5 12.h4 Bd7 13.Bg5 Rc8 14.a4 b4 15.Bxe7 Qxe7 16.Ne2 f6
17.Qd3 fxe5 18.dxe5 Na5 19.b3 Nb7 20.Rac1 Nc5 21.Qe3 g6 22.Nfd4 Ng7 23.Rc2 Nb7
24.Rfc1 Na5 25.Qd3 Rxc2 26.Rxc2 Rc8 27.Qxa6 Rxc2 28.Nxc2 Nxb3 29.Qb7 Nc5 30.Qxb4
Bxa4 31.Ne3 Qc7 32.Nf4 Be8 33.Nexd5 exd5 34.Nxd5 Qa7 35.Nf6+ Kh8 36.Kh2 Bf7
37.Qd2 Qe7 38.Qh6 Bg8 39.Bd5 Nce6 40.h5 gxh5 41.f4 Qc5 42.Nxg8 Qc2+ 43.Kh3 Qf5+
44.Kh2 Qc2+ 45.Kh3 Qf5+ 46.Kh2 Kxg8 47.Qf6 Qc2+ 48.Kh3 Qg6 49.f5 Qg4+ 50.Kh2
Qe2+ 51.Kh3 Qf1+ 52.Kh2 Qf2+ 53.Kh3 Qf1+ 54.Kh2 Qf2+ 55.Kh3 Qf1+ 56.Kh2

[Event "1 Bundesliga 2007/2008"]
[Site "Graz"]
[Date "2008.03.14"]
[Round "9"]
[Board "6"]
[White "Hellmayr, Alois"]
[Black "Stohl, Igor"]
[Result "1-0"]
[WhiteElo "2320"]
[BlackElo "2543"]
[PlyCount "69"]
[EventDate "2007.11.30"]
[EventType "team"]
[EventRounds "11"]
[EventCountry "AUT"]
[WhiteTeam "Union Ansfelden"]
[BlackTeam "SK Advisory Invest Baden"]

1.d4 Nf6 2.Nf3 e6 3.Bg5 h6 4.Bxf6 Qxf6 5.e4 d6 6.Nbd2 g6 7.c3 Bg7 8.Bd3 Nd7
9.O-O O-O 10.Qe2 a6 11.a4 b6 12.Rfe1 Bb7 13.e5 dxe5 14.dxe5 Qe7 15.Be4 Bxe4
16.Qxe4 Rad8 17.Nb3 Nc5 18.Nxc5 Qxc5 19.Rad1 Rfe8 20.h4 Rd5 21.h5 g5 22.Rxd5
exd5 23.Qf5 Qe7 24.Qd3 Qd7 25.Qxa6 g4 26.Nh2 Bxe5 27.g3 f5 28.Qd3 c6 29.b4 Qf7
30.a5 bxa5 31.bxa5 Qxh5 32.a6 Qf7 33.Nf1 Kf8 34.a7 Qf6 35.Qa6

[Event "1 Bundesliga 2007/2008"]
[Site "Graz"]
[Date "2008.03.14"]
[Round "9"]
[Board "2"]
[White "Gross, David"]
[Black "Pavasovic, Dusko"]
[Result "1/2-1/2"]
[WhiteElo "2491"]
[BlackElo "2601"]
[PlyCount "54"]
[EventDate "2007.11.30"]
[EventType "team"]
[EventRounds "11"]
[EventCountry "AUT"]
[WhiteTeam "Mayrhofen/Zillertal"]
[BlackTeam "SK KlZtgMPOe Maria Saal"]

1.e4 e5 2.Nf3 d6 3.d4 exd4 4.Qxd4 Nf6 5.Nc3 Be7 6.Bf4 O-O 7.O-O-O Nc6 8.Qe3 Ng4
9.Qd2 Bf6 10.Nd5 Be6 11.h3 Nge5 12.Kb1 Bxd5 13.exd5 Nxf3 14.gxf3 Ne5 15.Be2 a6
16.Be3 Re8 17.h4 b5 18.h5 Rb8 19.Rhg1 Kf8 20.Rg3 Nc4 21.Bxc4 bxc4 22.Bd4 Rb5
23.Bc3 Bxc3 24.Qxc3 Qf6 25.Qxf6 gxf6 26.a4 Rb7 27.h6 Reb8

[Event "1 Bundesliga 2007/2008"]
[Site "Graz"]
[Date "2008.03.14"]
[Round "9"]
[Board "4"]
[White "Hausner, Ivan"]
[Black "Tratar, Marko"]
[Result "1/2-1/2"]
[WhiteElo "2394"]
[BlackElo "2507"]
[PlyCount "94"]
[EventDate "2007.11.30"]
[EventType "team"]
[EventRounds "11"]
[EventCountry "AUT"]
[WhiteTeam "Mayrhofen/Zillertal"]
[BlackTeam "SK KlZtgMPOe Maria Saal"]

1.c4 e5 2.Nc3 d6 3.g3 f5 4.Bg2 Nf6 5.d3 Be7 6.Nf3 O-O 7.Rb1 Qe8 8.b4 Kh8 9.b5
Nbd7 10.Nd2 Qf7 11.Nb3 f4 12.Qc2 g5 13.Bb2 Rb8 14.Kd2 b6 15.Rbf1 Bb7 16.Bxb7
Rxb7 17.Kc1 Rc8 18.h4 fxg3 19.fxg3 Qg6 20.Kb1 Rg8 21.Bc1 gxh4 22.gxh4 h6 23.h5
Qh7 24.Qd2 Ng4 25.Qe1 Ndf6 26.e4 Rbb8 27.Nd2 Rbf8 28.Nf3 Nd7 29.Nd5 Nc5 30.Qe2
Bd8 31.Nh4 Rxf1 32.Qxf1 Bxh4 33.Rxh4 Qg7 34.Qf3 a6 35.bxa6 Nxa6 36.Ne7 Qxe7
37.Rxg4 Rxg4 38.Qxg4 Nc5 39.Bxh6 Qf7 40.Qe2 Ne6 41.Be3 Nf4 42.Qf3 Qxh5 43.Qxh5+
Nxh5 44.Bg5 Ng7 45.c5 dxc5 46.Bf6 Kg8 47.Bxe5 Ne6

[Event "1 Bundesliga 2007/2008"]
[Site "Graz"]
[Date "2008.03.14"]
[Round "9"]
[Board "6"]
[White "Platzgummer, Fabian"]
[Black "Ertl, Johann"]
[Result "1/2-1/2"]
[WhiteElo "2174"]
[BlackElo "2234"]
[PlyCount "36"]
[EventDate "2007.11.30"]
[EventType "team"]
[EventRounds "11"]
[EventCountry "AUT"]
[WhiteTeam "Mayrhofen/Zillertal"]
[BlackTeam "SK KlZtgMPOe Maria Saal"]

1.e4 e6 2.d4 d5 3.Nd2 Nf6 4.e5 Nfd7 5.Bd3 c5 6.c3 Nc6 7.Ne2 cxd4 8.cxd4 f6
9.exf6 Nxf6 10.Nf3 Bd6 11.O-O Qc7 12.Bg5 O-O 13.Bh4 Nh5 14.Qc2 h6 15.Bh7+ Kh8
16.Bg6 Rxf3 17.Bxh5 Rf8 18.Bg3 Bd7